Các công ty xuyên quốc gia : Khái niệm, đặc trưng và những biểu hiện mới

Saved in:
Bibliographic Details
Main Author: Nguyễn Thiết Sơn
Format: Book
Language:Vietnamese
Published: Khoa học xã hội 2003
Tags: Add Tag
No Tags, Be the first to tag this record!
Institutions: Mạng thư viện Đại học Đà Nẵng
LEADER 00698nam a2200253 4500
001 000020468
003 16914
005 20150319150344.0
008 150319s2003 viesd
020 |c 92000 
041 0 |a vie 
082 1 4 |a 338.88  |b NG-S 
100 1 |a Nguyễn Thiết Sơn 
245 1 0 |a Các công ty xuyên quốc gia : Khái niệm, đặc trưng và những biểu hiện mới  |c Nguyễn Thiết Sơn 
260 |b Khoa học xã hội  |c 2003 
300 |a tr.  |c cm. 
OWN |a LSP 
999 |a From the UDN01 
TYP |a Monograph 
TYP |a Printed language 
980 |a Mạng thư viện Đại học Đà Nẵng